Gminy województwa Podlaskiego graniczące z Białorusią - Statystyki

Ogólne statystyki
  • Ten quiz został rozwiązany 7 razy
  • Średni wynik to 15 z 18
Statystyki odpowiedzi
Gmina Powiat % Poprawnych
Białowieża Hajnowski
100%
Dubicze Cerkiewne Hajnowski
100%
Gródek Białostocki
100%
Hajnówka Hajnowski
100%
Krynki Sokólski
100%
Lipsk Augustowski
100%
Michałowo Białostocki
100%
Nurzec - Stacja Siemiatycki
100%
Sokółka Sokólski
100%
Czeremcha Hajnowski
83%
Narewka Hajnowski
83%
Kleszczele Hajnowski
67%
Kuźnica Sokólski
67%
Mielnik Siemiatycki
67%
Nowy Dwór Sokólski
67%
Szudziałowo Sokólski
67%
Giby Sejneński
50%
Płaska Augustowski
50%
Nie znaleziono quizów pasujących do podanych kryteriów
Rozkład punktacji
Procent ludzi z każdym wynikiem
Percentyl według liczby udzielonych odpowiedzi
Twoja historia wyników
Nie rozwiązałeś tego quizu